Top 10 Songs by Anthrax - Statistics

General Stats
  • This quiz has been taken 2 times
  • The average score is 4 of 10
Answer Stats
Hint Answer % Correct
3 Indians
100%
2 Madhouse
100%
5 Antisocial
50%
1 Caught in a Mosh
50%
6 Got the Time
50%
4 I am the Law
50%
8 A.I.R.
0%
10 Among the Living
0%
9 Bring the Noise
0%
7 Only
0%
No matching quizzes found
Score Distribution
Percent of People with Each Score
Percentile by Number Answered
Your Score History
You have not taken this quiz